| 000 | 00574nam a2200193Ia 4500 | ||
|---|---|---|---|
| 003 | GCL | ||
| 008 | 140319s9999 xx 000 0 eng d | ||
| 040 |
_aGCL / _cGCL |
||
| 082 | 0 | 4 |
_a822.33 _bG S |
| 100 | 1 | _aGOTCH, PAUL | |
| 245 | 1 | 0 |
_aSHAKESPEARE STUDIES: A GIRDLE ROUND ABOUT THE EARTH SHAKESPEAR'S UNIVERSALITY / _cGOTCH, PAUL |
| 260 |
_a[S.N] : _bBEIRUT ARAB UNIVERSITY ، _c1977 |
||
| 300 | _a87 P | ||
| 490 |
_aBEIRUT ARAB UNIVERSITY _v0 |
||
| 650 | 0 | 4 | _aENGLISH LITERATURE |
| 650 | 0 | 4 | _aHISTORY AND CRITICISM |
| 650 | 0 | 4 | _aSHAKESPEARE, WILLIAM |
| 942 |
_2ddc _cBK |
||
| 999 |
_c19698 _d19698 |
||